004970000a2200157000450024500720000065000090007265000150008165000220009665100510011865300400016965300420020904100130025170000210026410000230028577300310030810aHummingbird association with acorn woodpecker sap trees in Colombia14aAves14aEtología14aUso del hábitat 4lCordillera centralmPopayándCaucapColombia gMelanerpeseMelanerpes formicivorus gBoissonneauaeBoissinneaua flavescens0 aInglés1 aMurcia, Carolina1 aKattan, Gustavo H.1 tCondor3138q542-543d1985